000 00536nam a2200145 i 4500
001 46091
003 ES-MaACL
005 20230906161328.0
007 t|
008 030327s1890 sp ||||1| spa d
100 1 _aConcha Castañeda, Juan de la.
_940074
245 1 0 _aMemoria elevada al Excmo. Sr. Ministro de Gracia y Justicia en la solemne apertura de los Tribunales el día 15 de septiembre de 1890 /
_cpor el fiscal del Tribunal Supremo.
260 _aMadrid :
_b[s.n.],
_c1890.
852 _aES-MaACL
_jT-1274-F-6
999 _c46091
_d46091